Menyusur rezeki haram

Bibliographic Details
Main Author: Evaliza
Corporate Author: Title
Format: Book
Published: Selangor : Eddiplex , 2006
Series:Siri disiplin bawa tuah
Subjects:

MARC

LEADER 00000cam a2200000 7i4500
001 0000003244
005 20151222.0
008 070718
020 |a 9838806846(set) 
020 |a 9838806854 
090 0 0 |a JF   |b MAL 
100 0 |a Evaliza 
245 1 0 |a Menyusur rezeki haram   |c Evaliza 
260 |a Selangor :   |b Eddiplex ,   |c 2006 
440 0 |a Siri disiplin bawa tuah 
500 |a Children ages 10-12 years old (pink) 
650 0 |a Junior fiction   |x Malay   |x Languages 
650 0 |a Moral 
710 0 |a Title 
999 |a 0000943790   |b Book   |c Adult Collection   |e Cawangan Taman Sri Lambak 
999 |a 0000943791   |b Book   |c Adult Collection   |e Cawangan Taman Sri Lambak 
999 |a 0000968833   |b Book   |c Children Collection   |e Cawangan Tmn. Ungku Tun Aminah 
999 |a 0000968835   |b Book   |c Children Collection   |e Cawangan Batu Pahat 
999 |a 0000968836   |b Book   |c Children Collection   |e Cawangan Bandar Tenggara